[Event "17th Delhi GM Open 2019"]
[Site "Delhi"]
[Date "2019.01.14"]
[Round "8"]
[White "Visakh N R"]
[Black "Deepan Chakkravarthy J."]
[Result "1-0"]
[WhiteElo "2486"]
[BlackElo "2543"]
[Annotator "TA"]
[PlyCount "68"]
[EventDate "2019.01.09"]
[EventType "swiss"]
[EventCountry "IND"]
[SourceTitle "playchess.com"]
[Source "ChessBase"]
[SourceQuality "1"]

{[%evp 19,68,23,33,37,40,31,26,31,34,12,63,72,66,21,87,72,127,121,147,146,153,101,89,95,99,89,76,69,62,68,89,0,75,79,98,86,93,129,177,172,219,276,256,147,256,0,577,568,989,958,29988]} 1. d4 Nf6 2. c4 e6 3. Nf3 d5 4. Nc3 a6 5. cxd5 exd5 6. Bg5 {D37: Queen's Gambit Declined: 5 Bf4} Be6 7. e3 Nbd7 8. Bd3 h6 9. Bf4 g5 10. Bg3 Nh5 {LiveBook: 69 Games} 11. Be5 (11. Qb3 Nxg3 12. hxg3 {½-½ (48) Karjakin,S (2773)-Caruana,F (2822) Saint Louis 2018}) 11... Ng7 12. h3 Nxe5 13. Nxe5 Bd6 14. O-O $146 O-O (14... c6 $1 $11) 15. f4 $14 f5 16. Qb3 c5 (16... b5 $11 {keeps the balance.}) 17. Qxb7 $16 Bxe5 (17... c4 $142) 18. fxe5 Rb8 19. Qxa6 c4 20. Be2 (20. Bc2 $142 $1) 20... g4 21. hxg4 Qg5 22. Rf4 $1 {Hoping for gxf5.} Ra8 23. Qd6 Rfd8 24. Qc6 Rdc8 25. Qd6 Rd8 26. Qc5 Rdc8 {[#]} 27. Qb4 $1 Rcb8 28. Nb5 {Strongly threatening gxf5.} fxg4 29. Raf1 Rxa2 {[#]} 30. Bd1 $1 {And now Rf8+ would win.} Bf5 31. Qc5 ({Better is} 31. e4 $18 Ra1 32. Qd6 (32. exf5 Rxd1 33. Rxd1 Qxf4 $11) (32. Rxf5 Qe3+ {[%mdl 64] Double Attack} 33. Kh2 Nxf5 $16)) 31... Rxb2 (31... Ra5 $16 {keeps fighting.}) 32. Nc3 $2 (32. Qxd5+ $18 Be6 33. Qe4) 32... Rd2 $2 {[%mdl 8192]} (32... Nh5 $11 {and Black stays safe.}) 33. Qxd5+ $18 Kh8 34. Ne4 Rbb2 {Accuracy: White = 72%, Black = 49%.} 1-0

[Event "17th Delhi GM Open 2019"]
[Site "Delhi"]
[Date "2019.01.14"]
[Round "8"]
[White "Gajek, Radoslaw"]
[Black "Saravana, Krishnan P."]
[Result "1/2-1/2"]
[WhiteElo "2481"]
[BlackElo "2346"]
[Annotator "TA"]
[PlyCount "33"]
[EventDate "2019.01.09"]
[EventType "swiss"]
[EventCountry "IND"]
[SourceTitle "playchess.com"]
[Source "ChessBase"]
[SourceQuality "1"]

{[%evp 23,33,-12,9,-25,0,0,0,0,0,-9,0,0]} 1. c4 e5 2. Nc3 Nf6 3. Nf3 Nc6 4. g3 g6 5. Bg2 Bg7 6. O-O O-O 7. Rb1 d6 8. d3 Nd4 9. Nd2 a5 10. a3 c6 11. e3 Ne6 {A26: English Opening vs King's Indian with ...Nc6 and d3} 12. Nf3 Nc5 {LiveBook: 5 Games} 13. d4 $146 ({Predecessor:} 13. b4 axb4 14. axb4 Nxd3 15. Qxd3 e4 16. Nxe4 Nxe4 17. Bb2 Bxb2 18. Rxb2 Qf6 19. Qd4 {½-½ (67) Leko,P (2763)-Sutovsky,E (2674) Dortmund 2005}) 13... exd4 14. exd4 {The position is equal.} Nce4 15. Nxe4 Nxe4 16. Be3 Re8 17. Re1 1/2-1/2

[Event "17th Delhi GM Open 2019"]
[Site "Delhi"]
[Date "2019.01.14"]
[Round "8"]
[White "Lugovskoy, Maxim"]
[Black "Mahalakshmi, M."]
[Result "1-0"]
[WhiteElo "2445"]
[BlackElo "2219"]
[Annotator "TA"]
[PlyCount "73"]
[EventDate "2019.01.09"]
[EventType "swiss"]
[EventCountry "IND"]
[SourceTitle "playchess.com"]
[Source "ChessBase"]
[SourceQuality "1"]

{[%evp 20,73,57,48,74,74,75,68,80,79,86,83,88,84,109,85,113,104,119,126,125,120,141,129,150,143,224,216,220,195,191,197,216,224,216,181,253,207,388,366,373,370,546,535,867,866,812,616,802,633,589,576,1555,1559,1383,1438]} 1. e4 c6 2. d4 d5 3. exd5 cxd5 4. Bd3 Nc6 5. c3 Nf6 6. Nf3 g6 7. O-O Bg7 8. Re1 O-O 9. Nbd2 Bf5 {B13: Caro-Kann: Exchange Variation and Panov-Botvinnik Attack} (9... Qc7 10. Nf1 Bg4 11. h3 Bxf3 12. Qxf3 e5 13. dxe5 Nxe5 14. Qd1 Nxd3 15. Qxd3 Qc6 16. Be3 Ne4 17. Bd4 {½-½ (45) Karjakin,S (2773)-Vachier Lagrave,M (2779) Saint Louis 2018}) 10. Bxf5 gxf5 11. Nf1 {LiveBook: 3 Games} Ne4 {White is slightly better.} 12. Ng5 $146 ({Predecessor:} 12. Ng3 Nxg3 13. hxg3 e6 14. Ng5 h6 15. Nh3 Kh7 16. Qd3 Ne7 17. Nf4 {1-0 (33) Limp,E (2320)-Catropa,D (2370) Sao Paulo 1995}) 12... e6 13. Qh5 {[%csl Gg5][%cal Rh5h7]} Nxg5 14. Bxg5 Qe8 15. Qh3 f6 16. Bd2 Qf7 17. Ng3 Kh8 18. Nh5 Rg8 19. Re2 Rae8 20. Rae1 Nd8 21. Bf4 Nc6 22. Ng3 Qd7 (22... a6 $16 {was necessary.} 23. Qh5 Qxh5 24. Nxh5 e5) 23. Qh5 $18 Re7 24. Re3 Rge8 25. h3 a6 26. a4 Kg8 27. b4 Nd8 (27... b5 $142) 28. Qh4 e5 $2 (28... Nf7 29. Nh5 Nh8 30. Nxf6+ Bxf6 31. Qxf6 Ng6) 29. dxe5 fxe5 {[#] Black wants to play ...Re6.} 30. Nh5 $1 e4 (30... Qd6 $142 31. Rg3 exf4 32. Rxg7+ {[%mdl 64] Double Attack, Pin} Kf8 33. Rexe7 Rxe7) 31. Rg3 {White is clearly winning.} Kh8 32. Nf6 Bxf6 33. Qxf6+ Rg7 34. Bh6 Ne6 35. Rd1 {Hoping for Rxd5!} Kg8 {Black hopes to continue with ...Rxg3.} 36. Bxg7 Nxg7 {[#]} 37. Rxd5 $1 {[%mdl 512] Accuracy: White = 85%, Black = 16%.} 1-0

[Event "17th Delhi GM Open 2019"]
[Site "Delhi"]
[Date "2019.01.14"]
[Round "8"]
[White "Lugovskoy, Maxim"]
[Black "Mahalakshmi D M"]
[Result "1-0"]
[WhiteElo "2445"]
[BlackElo "1145"]
[Annotator "TA"]
[PlyCount "73"]
[EventDate "2019.01.09"]
[EventType "swiss"]
[EventCountry "IND"]
[SourceTitle "playchess.com"]
[Source "ChessBase"]
[SourceQuality "1"]

{[%evp 20,73,65,55,75,76,77,77,93,84,83,79,76,72,89,85,115,89,105,116,112,103,139,127,141,145,220,220,211,189,212,191,233,202,214,158,252,206,356,361,363,341,477,488,818,815,725,609,733,610,602,591,1213,1410,1242,1222]} 1. e4 c6 2. d4 d5 3. exd5 cxd5 4. Bd3 Nc6 5. c3 Nf6 6. Nf3 g6 7. O-O Bg7 8. Re1 O-O 9. Nbd2 Bf5 {B13: Caro-Kann: Exchange Variation and Panov-Botvinnik Attack} (9... Qc7 10. Nf1 Bg4 11. h3 Bxf3 12. Qxf3 e5 13. dxe5 Nxe5 14. Qd1 Nxd3 15. Qxd3 Qc6 16. Be3 Ne4 17. Bd4 {½-½ (45) Karjakin,S (2773)-Vachier Lagrave,M (2779) Saint Louis 2018}) 10. Bxf5 gxf5 11. Nf1 {LiveBook: 3 Games} Ne4 {White is slightly better.} 12. Ng5 $146 ({Predecessor:} 12. Ng3 Nxg3 13. hxg3 e6 14. Ng5 h6 15. Nh3 Kh7 16. Qd3 Ne7 17. Nf4 {1-0 (33) Limp,E (2320)-Catropa,D (2370) Sao Paulo 1995}) 12... e6 13. Qh5 {[%csl Gg5][%cal Rh5h7]} Nxg5 14. Bxg5 Qe8 15. Qh3 f6 16. Bd2 Qf7 17. Ng3 Kh8 18. Nh5 Rg8 19. Re2 Rae8 20. Rae1 Nd8 21. Bf4 Nc6 22. Ng3 Qd7 (22... Nd8 $16 {was necessary.} 23. Re3 b5) 23. Qh5 $18 Re7 24. Re3 Rge8 25. h3 a6 26. a4 Kg8 27. b4 Nd8 (27... e5 $16 {might work better.}) 28. Qh4 e5 (28... Nf7 $142 29. Nh5 Nh8 30. Nxf6+ Bxf6 31. Qxf6 Rf7) 29. dxe5 fxe5 {[#] With the idea ...Re6.} 30. Nh5 $1 {aiming for Rg3.} e4 {Now ...Re6 and Black clings on.} 31. Rg3 {White is clearly winning.} Kh8 (31... Rf8 $142 32. Bh6 Ne6 33. Nf6+ Rxf6) 32. Nf6 Bxf6 33. Qxf6+ Rg7 34. Bh6 Ne6 35. Rd1 Kg8 {Black hopes to continue with ...Rxg3.} 36. Bxg7 {White threatens Bh6+ and mate.} Nxg7 {[#]} 37. Rxd5 $1 {[%mdl 512] Accuracy: White = 81%, Black = 23%.} 1-0

[Event "17th Delhi GM Open 2019"]
[Site "Delhi"]
[Date "2019.01.14"]
[Round "8"]
[White "Dzhumaev, Marat"]
[Black "Ghaem Maghami, Ehsan"]
[Result "1/2-1/2"]
[WhiteElo "2437"]
[BlackElo "2533"]
[Annotator "TA"]
[PlyCount "61"]
[EventDate "2019.01.09"]
[EventType "swiss"]
[EventCountry "IND"]
[SourceTitle "playchess.com"]
[Source "ChessBase"]
[SourceQuality "1"]

{[%evp 22,61,-30,-73,-3,-60,-37,-27,-29,-52,83,94,258,83,78,23,8,29,16,-6,0,0,6,-7,0,0,-22,-22,-27,-27,0,0,0,0,0,-14,-18,-34,-16,-27,-27,-33]} 1. e4 c5 2. Nf3 d6 3. Nc3 a6 4. d4 cxd4 5. Nxd4 Nf6 6. Bc4 e6 7. Bb3 b5 8. O-O Be7 9. f4 O-O 10. e5 dxe5 11. fxe5 Nfd7 12. Qh5 {LiveBook: 35 Games} g6 {B87: Sicilian Scheveningen/Najdorf: 6 Bc4, with early ...b5} (12... Nc6 $17 13. Be3 Bc5 14. Nxc6 Bxe3+ 15. Kh1 Qe8) (12... Bc5 13. Be3 Bxd4 14. Bxd4 Nc6 15. Be3 Ncxe5 16. Rad1 Bb7 17. Rd4 Ng6 18. Ne2 Qe7 19. Nf4 e5 20. Nxg6 hxg6 21. Qxg6 exd4 22. Bxd4 {½-½ (39) Anand,V (2725)-Kasparov,G (2775) Moscow 1996}) 13. Qe2 (13. Qf3 $11 Qb6 14. Be3) 13... Bc5 {White must now prevent ...Nc6.} 14. Be3 Qb6 15. Rad1 {Ne4 is the strong threat.} Bb7 (15... Nc6 $1 $15 {stays ahead.} 16. Nxc6 Bxe3+ 17. Kh1 Qxc6 18. Qxe3 Bb7) 16. Kh1 $146 ({Predecessor:} 16. Bf2 Ra7 17. Ne4 Bxe4 18. Qxe4 Qb7 19. Qf4 Nc6 20. Nf3 {0-1 (37) Korman,R (1926)-Prystay,R Stryi 2011}) 16... Re8 $2 {[#]} ({Avoid the trap} 16... Nxe5 $2 17. Nxe6 $1 {[%mdl 512]} Bxe3 18. Nxf8 $18) (16... Kh8 $16 {was necessary.}) 17. Bg1 $2 (17. Qf2 $1 $18 {[%cal Rf2f7]} Nxe5 18. Qh4) 17... Qc7 18. Ne4 ({Better is} 18. a4 $16) 18... Bxe4 $1 $11 19. Qxe4 Bxd4 20. Qxd4 {aiming for Bd5!} Nxe5 21. Qf4 Nbc6 {[%cal Bb8c6,Bc6e7,Be7f5][%mdl 32]} 22. Rde1 Rac8 23. h3 {[#]} Nc4 $1 {[%mdl 512]} 24. Bxc4 bxc4 25. Qxc4 Ne7 26. Qxa6 Nf5 27. Bh2 Qxc2 28. Re2 Qc5 29. b3 Qd5 30. Qa4 e5 31. Qe4 {Precision: White = 38%, Black = 53%.} 1/2-1/2

[Event "17th Delhi GM Open 2019"]
[Site "Delhi"]
[Date "2019.01.14"]
[Round "8"]
[White "Czebe, Attila"]
[Black "Ziatdinov, Raset"]
[Result "0-1"]
[WhiteElo "2418"]
[BlackElo "2248"]
[Annotator "TA"]
[PlyCount "92"]
[EventDate "2019.01.09"]
[EventType "swiss"]
[EventCountry "IND"]
[SourceTitle "playchess.com"]
[Source "ChessBase"]
[SourceQuality "1"]

{[%evp 9,92,37,40,46,39,48,35,39,67,66,72,72,95,71,82,66,79,16,39,-9,0,0,13,0,10,0,-3,-40,25,-83,-16,-99,-111,-97,-106,-112,-70,-92,-101,-195,-184,-143,-146,-256,-270,-606,-594,-682,-625,-1346,-1318,-1197,-297,-308,-343,-290,-262,-379,-153,-115,-87,-178,-179,-952,-947,-912,-869,-832,-837,-797,-776,-712,-684,-29979,-29980,-29980,-29979,-29976,-29978,-29974,-29975,-29988,-29989,-29989,-29987]} 1. Nf3 Nf6 2. c4 e6 3. g3 c6 (3... a6 4. Nc3 d5 5. d4 dxc4 6. Bg2 Nc6 7. O-O Rb8 8. e4 Be7 9. d5 Nb4 10. Ne5 exd5 11. exd5 Bf5 12. a3 Nd3 13. Nxc4 Nxc1 14. Rxc1 O-O 15. Re1 Ne8 16. Ne4 Bxe4 17. Bxe4 Nd6 {½-½ (30) Wang,Y (2683)-Maghsoodloo,P (2689) China 2018}) 4. Bg2 b5 $146 ({Predecessor:} 4... b6 5. O-O Ba6 6. b3 d5 7. d3 Be7 8. Bb2 O-O 9. Nbd2 Bb7 10. e4 dxe4 11. dxe4 {1-0 (69) Franco Alonso,A (2480)-Radlovacki,J (2419) Budapest 2012}) 5. cxb5 cxb5 6. Nd4 {A13: English Opening: 1...e6} d5 7. Nxb5 Nc6 8. O-O {White is slightly better.} Bd7 9. d3 Qb6 10. N5c3 h5 11. e4 {[%cal Re4d5]} d4 12. Ne2 h4 13. Na3 (13. Nd2 $16) 13... hxg3 14. hxg3 Bxa3 15. bxa3 Qa5 16. f3 Rb8 ({But not} 16... Qh5 $6 17. Rb1 $16 (17. Kf2 Qc5 $16)) 17. g4 e5 18. Kf2 Qa6 ({Black should try} 18... Ng8 $15) 19. Ng3 (19. g5 $11 Ng8 20. f4) 19... Ne7 (19... Nd8 $1 $17) 20. Rh1 (20. Bg5 $11) 20... Rxh1 $17 21. Nxh1 Ba4 22. Qe2 Rc8 {[%cal Bb8c8,Bc8c2,Bc2f2][%mdl 1056] Hoping for ...Rc2. Black has strong compensation.} 23. Kg3 Rc2 $36 {[%mdl 2048] Black has strong initiative.} 24. Qf1 (24. Qe1 $17) 24... Ng6 25. Nf2 Nd7 26. Qh1 (26. Qe1 $17 {might work better.}) 26... Qc6 $19 {aiming for ...Qc3.} 27. Rb1 $2 {[#]} (27. Qe1) 27... Rxf2 $1 {[%mdl 512]} 28. Bg5 (28. Kxf2 Qc2+) 28... Rc2 29. Rb4 f6 30. Qh7 Kf7 $2 (30... fxg5 31. Qg8+ Ngf8 32. Qxg7 Ne6 33. Qh8+ Ke7) 31. Bh6 {[#]} Rxg2+ $1 32. Kxg2 Nf4+ $1 33. Bxf4 (33. Kg3 {was forced.} Ne6 34. g5) 33... exf4 (33... Qc2+ $1 $19 {has better winning chances.} 34. Kh3 exf4) 34. Rc4 $17 Qb5 35. Rc8 (35. Qh5+ $17 {is a better defense.} Ke7 36. Qxb5 Bxb5 37. Rxd4) 35... Qb2+ $1 $19 ({Worse is} 35... Qxd3 36. Qg8+ Ke7 37. Re8+ Kd6 38. Qd5+ Kc7 39. Qa5+ Kb7 40. Qxa4 $11) 36. Kh3 $2 (36. Kh1 Qb1+ 37. Kg2 Qxa2+ 38. Kg1 Qa1+ 39. Kf2 Qb2+ 40. Kf1) 36... Qf2 {[%csl Gf4][%cal Rf2g3]} 37. Qg8+ Ke7 {[%csl Gf4][%cal Rf2g3]} 38. Qxg7+ {[#]} Ke6 $1 {[%csl Gf4][%cal Rf2g3]} ({Inferior is} 38... Kd6 {[#]} 39. e5+ $1 {[%mdl 512]} fxe5 40. Qg6+ Kd5 41. Qf7+ Kd6 42. Qg6+ Kd5 43. Qf7+ Kd6 44. Qg6+ $11) 39. Qg8+ Kd6 {[%csl Gf4][%cal Rf2g3]} 40. e5+ Kxe5 {[%csl Gf4][%cal Rf2g3]} 41. Rc5+ Nxc5 {[%csl Gf4][%cal Rf2g3] Black mates.} 42. Qg5+ Kd6 {[%csl Gf4][%cal Rf2g3]} 43. Qxf4+ Ke7 44. Qc7+ Nd7 45. Qb7 Bd1 46. Qe4+ Kf8 {Accuracy: White = 28%, Black = 53%.} 0-1

[Event "17th Delhi GM Open 2019"]
[Site "Delhi"]
[Date "2019.01.14"]
[Round "8"]
[White "Thipsay, Praveen M"]
[Black "Kulkarni, Vinayak"]
[Result "1-0"]
[WhiteElo "2405"]
[BlackElo "2207"]
[Annotator "NA"]
[PlyCount "59"]
[EventDate "2019.01.09"]
[EventType "swiss"]
[EventCountry "IND"]
[SourceTitle "playchess.com"]
[Source "ChessBase"]
[SourceQuality "1"]
[TimeControl "5400+30"]

1. Nf3 {[%emt 0:00:00]} c5 {[%emt 0:00:00]} 2. g3 {[%emt 0:00:14]} Nc6 {[%emt 0:00:16]} 3. Bg2 {[%emt 0:00:06]} g6 {[%emt 0:00:23]} 4. O-O {[%emt 0:01:26]} Bg7 {[%emt 0:00:31]} 5. e4 {[%emt 0:01:00]} e5 6. d3 {[%emt 0:07:25]} Nge7 {[%emt 0:01:35]} 7. Nbd2 {[%emt 0:01:24]} O-O {[%emt 0:01:21]} 8. a3 {[%emt 0:00:07]} d6 {[%emt 0:01:48]} 9. Rb1 {[%emt 0:00:09]} b6 {[%emt 0:05:03]} 10. b4 {[%emt 0:00:07]} f6 {[%emt 0:01:18]} 11. c3 {[%emt 0:01:03]} Be6 {[%emt 0:01:53]} 12. d4 {[%emt 0:01:23]} cxd4 {[%emt 0:09:34]} 13. cxd4 {[%emt 0:00:13]} Nxd4 {[%emt 0:00:40]} 14. Nxd4 {[%emt 0:00:10]} exd4 {[%emt 0:00:10]} 15. Bb2 {[%emt 0:06:55]} d5 {[%emt 0:04:09]} 16. Re1 {[%emt 0:07:23]} Bf7 {[%emt 0:13:13]} 17. Nb3 {[%emt 0:12:03]} Rc8 {[%emt 0:12:26]} 18. Nxd4 {[%emt 0:01:34]} dxe4 {[%emt 0:04:37]} 19. Bxe4 {[%emt 0:01:43]} f5 {[%emt 0:09:48]} 20. Bf3 {[%emt 0:11:10]} Nd5 {[%emt 0:06:25]} 21. Ne6 {[%emt 0:07:24]} Bxe6 {[%emt 0:00:14]} 22. Rxe6 {[%emt 0:00:06]} Nc7 {[%emt 0:04:12]} 23. Rd6 {[%emt 0:01:06]} Qg5 {[%emt 0:04:17]} 24. Bxg7 {[%emt 0:08:33]} Kxg7 {[%emt 0:00:13]} 25. h4 {[%emt 0:06:16]} Qh6 {[%emt 0:02:23]} 26. Qd4+ {[%emt 0:00:06]} Kg8 {[%emt 0:00:53]} 27. Qd1 {[%emt 0:00:54]} Kg7 {[%emt 0:00:07]} 28. Qd4+ {[%emt 0:00:06]} Kg8 29. Qc4+ {[%emt 0:01:18]} Kh8 {[%emt 0:01:47]} 30. Rd7 {[%emt 0:00:35]} 1-0

[Event "17th Delhi GM Open 2019"]
[Site "Delhi"]
[Date "2019.01.14"]
[Round "8"]
[White "Sardana, Rishi"]
[Black "Praveen Kumar C"]
[Result "0-1"]
[WhiteElo "2398"]
[BlackElo "2233"]
[Annotator "NA"]
[PlyCount "78"]
[EventDate "2019.01.09"]
[EventType "swiss"]
[EventCountry "IND"]
[SourceTitle "playchess.com"]
[Source "ChessBase"]
[SourceQuality "1"]
[TimeControl "5400+30"]

1. e4 c5 {[%emt 0:02:03]} 2. Nf3 {[%emt 0:00:00]} d6 {[%emt 0:00:09]} 3. d4 {[%emt 0:00:04]} cxd4 {[%emt 0:00:07]} 4. Nxd4 {[%emt 0:00:03]} Nf6 {[%emt 0:00:06]} 5. Nc3 {[%emt 0:00:04]} a6 {[%emt 0:00:09]} 6. h3 {[%emt 0:00:14]} e5 {[%emt 0:00:26]} 7. Nde2 {[%emt 0:00:08]} h5 {[%emt 0:00:13]} 8. g3 {[%emt 0:01:20]} Be7 {[%emt 0:05:16]} 9. Bg2 {[%emt 0:01:23]} b5 {[%emt 0:07:14]} 10. Nd5 {[%emt 0:01:12]} Bb7 {[%emt 0:00:26]} 11. Nec3 {[%emt 0:02:02]} Nbd7 {[%emt 0:02:33]} 12. Nxe7 {[%emt 0:01:27]} Qxe7 {[%emt 0:00:10]} 13. Bg5 {[%emt 0:00:16]} Nc5 {[%emt 0:06:18]} 14. h4 {[%emt 0:17:15]} b4 {[%emt 0:15:00]} 15. Nd5 {[%emt 0:02:08]} Bxd5 {[%emt 0:00:44]} 16. exd5 {[%emt 0:00:02]} Qd7 {[%emt 0:04:35]} 17. O-O {[%emt 0:10:46]} Nfe4 {[%emt 0:05:35]} 18. Be3 {[%emt 0:01:59]} f5 {[%emt 0:00:16]} 19. a3 {[%emt 0:06:33]} Rb8 {[%emt 0:01:44]} 20. Qe1 {[%emt 0:10:19]} Qb5 {[%emt 0:04:12]} 21. axb4 {[%emt 0:22:59]} Qxb4 {[%emt 0:03:20]} 22. Qxb4 {[%emt 0:01:01]} Rxb4 {[%emt 0:00:07]} 23. b3 {[%emt 0:05:48]} O-O {[%emt 0:03:49]} 24. Bxe4 {[%emt 0:03:20]} Nxe4 {[%emt 0:00:15]} 25. Rxa6 {[%emt 0:03:42]} Rb5 {[%emt 0:02:11]} 26. Rd1 {[%emt 0:03:16]} f4 {[%emt 0:01:31]} 27. gxf4 {[%emt 0:00:02]} exf4 {[%emt 0:00:05]} 28. Bd4 {[%emt 0:02:33]} Rxd5 {[%emt 0:03:00]} 29. c4 {[%emt 0:01:12]} Rdf5 {[%emt 0:00:15]} 30. Ra7 {[%emt 0:01:09]} R5f7 {[%emt 0:01:02]} 31. b4 {[%emt 0:01:43]} f3 {[%emt 0:00:58]} 32. Rxf7 {[%emt 0:00:52]} Kxf7 {[%emt 0:00:43]} 33. b5 {[%emt 0:00:29]} Ke6 {[%emt 0:00:12]} 34. Re1 {[%emt 0:01:04]} Rf4 {[%emt 0:00:13]} 35. Re3 {[%emt 0:00:32]} Kd7 {[%emt 0:00:42]} 36. Bxg7 {[%emt 0:00:27]} Rg4+ {[%emt 0:00:57]} 37. Kf1 {[%emt 0:00:09]} Rxh4 {[%emt 0:00:32]} 38. Rxf3 {[%emt 0:00:51]} Nd2+ {[%emt 0:00:07]} 39. Kg2 {[%emt 0:00:21]} Nxf3 {[%emt 0:00:09]} 0-1

[Event "17th Delhi GM Open 2019"]
[Site "Delhi"]
[Date "2019.01.14"]
[Round "8"]
[White "Rohith Krishna S"]
[Black "Aleksandrov, Aleksej"]
[Result "1/2-1/2"]
[WhiteElo "2382"]
[BlackElo "2582"]
[Annotator "TA"]
[PlyCount "97"]
[EventDate "2019.01.09"]
[EventType "swiss"]
[EventCountry "IND"]
[SourceTitle "playchess.com"]
[Source "ChessBase"]
[SourceQuality "1"]

{[%evp 14,97,-10,-7,4,-29,-37,-43,-18,-16,-34,-31,25,18,29,0,25,2,34,32,27,27,27,27,30,30,25,35,83,6,8,4,10,18,14,-30,-6,-47,-25,-16,0,0,0,0,0,0,18,8,6,12,17,0,91,84,91,74,154,154,189,19,19,19,18,19,18,6,6,0,0,4,8,4,14,4,3,6,5,5,42,0,23,0,0,0,10,-8]} 1. Nf3 Nf6 (1... e6 2. g3 b5 3. Bg2 Bb7 4. O-O c5 5. b3 Be7 6. Bb2 Nf6 7. c4 b4 8. d4 O-O 9. Nbd2 cxd4 10. Nxd4 Bxg2 11. Kxg2 Qb6 {½-½ (26) Goldin,A (2553)-Gareyev,T (2605) Fort Myers 2016}) 2. g3 b5 3. Bg2 Bb7 4. O-O e6 5. d4 c5 6. b3 Be7 {A46: 1 d4 Nf6 2 Nf3 e6: Torre, London and Colle Systems} 7. Bb2 O-O 8. Nbd2 {LiveBook: 4 Games} b4 $146 ({Predecessor:} 8... cxd4 9. Bxd4 Nc6 10. Bb2 d5 11. c4 dxc4 12. bxc4 b4 13. e4 Nd7 14. e5 Nc5 15. Qc2 Qd3 16. Rac1 a5 {0-1 (40) Smolen,J (2445)-Pap,G (2451) Olbia 2008}) 9. c4 bxc3 10. Bxc3 a5 11. dxc5 Na6 12. Qc2 Nd5 (12... Nxc5 $15 13. Ng5 g6) 13. Bd4 $11 Rc8 14. Rac1 $36 {[%mdl 2048] White fights for an advantage.} Nxc5 15. Qb1 f5 16. Rfd1 Ba6 17. Nc4 Nf6 18. Nfe5 d5 19. Nxa5 Qxa5 20. b4 Qa3 {[#] Threatens to win with ...Ncd7.} 21. bxc5 (21. Rc3 $1 $16 {[%cal Rc3a3]} Qa4 22. Bxc5) 21... Bxc5 22. Rxc5 Rxc5 23. Bxc5 Qxc5 24. Nd3 Qd6 25. Qb2 Ra8 26. Ra1 Nd7 27. a4 h6 28. a5 Rb8 29. Qd4 Kh7 30. g4 fxg4 31. Qxg4 Rf8 32. Qb4 (32. Qg3 {feels hotter.} Qe7 33. Kh1 Ra8 34. Bh3 Bc4 35. Qe3) 32... Qxb4 (32... Qc7 $1 $11 {keeps the balance.}) 33. Nxb4 $16 Bxe2 34. a6 {[%cal Ba5a6,Ba6a7][%mdl 32]} Ra8 ({Better is} 34... Nb6) 35. a7 Nb6 {[#]} 36. Bf1 $2 (36. Bh3 $1 $18) 36... Bxf1 $11 37. Kxf1 {[%mdl 4096] Endgame KRN-KRN} Nc8 38. Nc6 Kg6 39. Ke2 Kf5 40. Nd4+ Kf6 41. Nb5 g5 42. Ra6 Kf5 43. Ke3 Kg4 44. f3+ Kh3 45. Rxe6 h5 46. Kf2 {Hoping for Rh6.} d4 47. Re5 Nxa7 48. Nxd4 Rd8 49. Rxg5 {Precision: White = 49%, Black = 50%.} 1/2-1/2

[Event "17th Delhi GM Open 2019"]
[Site "Delhi"]
[Date "2019.01.14"]
[Round "8"]
[White "Shailesh, Dravid"]
[Black "Rahman, Ziaur"]
[Result "0-1"]
[WhiteElo "2334"]
[BlackElo "2470"]
[Annotator "TA"]
[PlyCount "54"]
[EventDate "2019.01.09"]
[EventType "swiss"]
[EventCountry "IND"]
[SourceTitle "playchess.com"]
[Source "ChessBase"]
[SourceQuality "1"]

{[%evp 14,54,14,0,8,0,0,-10,-21,-24,0,-8,9,-33,-32,-51,-34,-101,-93,-100,-105,-106,-87,-123,-114,-115,-108,-146,-145,-265,-253,-250,-250,-253,-172,-220,-159,-616,-612,-1424,-589,-1406,-1404]} 1. e4 c6 2. d4 d5 3. e5 c5 4. dxc5 e6 5. a3 (5. Nf3 Bxc5 6. a3 Nd7 7. Bd3 f6 8. b4 Be7 9. Bb2 fxe5 10. Nxe5 Nxe5 11. Bxe5 Bf6 12. O-O Nh6 13. Bxf6 Qxf6 {1-0 (70) Jakovenko,D (2735)-Fedoseev,V (2706) Poikovsky 2018}) 5... Bxc5 6. b4 {B12: Caro-Kann: Advance Variation} Bb6 7. Qg4 Ne7 8. Nf3 {LiveBook: 14 Games. The position is equal.} O-O 9. Bb2 Nd7 {[%cal Bb8d7,Bd7b6,Bb6a4,Ba4c3][%mdl 32]} 10. Bd3 {Threatens to win with Bxh7+!} f5 11. Qg3 Bc7 12. Ng5 $146 ({Predecessor:} 12. Nbd2 Qe8 {0-1 (43) Nemeth,M (2499)-Dizdarevic,E (2529) Bol 2014}) 12... Nb6 13. Nd2 Na4 14. Bd4 Nc6 $36 {[%mdl 2048] Black is pushing.} 15. Ndf3 ({Better is} 15. Nb3 $15) 15... h6 $17 16. Nh3 Nxd4 17. Nxd4 Nc3 18. Bxf5 exf5 19. Qxc3 Bxe5 20. O-O-O {[#]} a5 $1 21. f4 (21. b5 $17) 21... axb4 $19 22. axb4 Bf6 23. Ng1 Qd6 {aiming for ...Bd7.} 24. Nge2 Re8 {Strongly threatening ...Rxe2!} 25. Rd2 $2 (25. Qc5 $17 Qa6 {[#]} 26. Qa5 $1 {[%mdl 512]}) 25... Qa6 {Black is clearly winning.} 26. Qb3 Qa1+ 27. Qb1 {[#]} Rxe2 $1 {[%mdl 576] Remove Defender. Accuracy: White = 40%, Black = 88%.} 0-1